[Event "6th Altibox Norway Chess 2018 Blitz"]
[Site "Stavanger"]
[Date "2018.05.27"]
[Round "1.2"]
[White "Ding, Liren"]
[Black "So, Wesley"]
[Result "0-1"]
[WhiteElo "2793"]
[BlackElo "2824"]
[Annotator "TA"]
[PlyCount "72"]
[EventDate "2018.05.26"]
[EventType "tourn"]
[EventCountry "NOR"]

{[%evp 21,72,6,12,24,20,10,22,27,22,37,23,16,14,10,16,12,11,-7,11,6,1,0,0,-35,-30,-15,-19,-52,-25,-131,-128,-205,-199,-258,-259,-300,-296,-371,-383,-404,-391,-379,-375,-554,-553,-522,-301,-345,-337,-327,-308,-385,-374]} 1. c4 c5 2. Nf3 Nc6 3. Nc3 g6 4. e3 Nf6 5. d4 cxd4 6. exd4 d5 7. cxd5 Nxd5 8. Qb3 Nxc3 9. Bc4 e6 10. bxc3 Bd7 11. Be2 {A35: Englische Eröffnung (Symmetrische Variante)} Na5 {LiveBook: 3 Partien} 12. Qb1 (12. Qc2 Bg7 13. Ba3 Bf8 14. Bb2 Bg7 15. Ba3 Bf8 16. Bb2 Bg7 17. Ba3 {½-½ (17) Aronian,L (2794)-So,W (2799) Berlin 2018}) 12... Rc8 $146 ({Vorgänger:} 12... Bg7 13. Ba3 Bf8 14. Bb4 Bxb4 15. Qxb4 b6 16. h4 h5 17. O-O Nc6 18. Qd6 Ne7 {1-0 (38) Potkin,V (2574)-Gelfand,B (2695) Sochi 2018}) 13. O-O {Die Stellung ist ausgeglichen.} Bg7 14. Ba3 Bf8 15. Bb4 Bxb4 16. cxb4 Nc6 17. b5 Ne7 18. Ne5 O-O 19. Bf3 b6 20. Qb4 f6 21. Nd3 Be8 22. Rac1 Rxc1 23. Rxc1 Nf5 24. d5 {Weiss will Sf4 spielen.} e5 25. Bd1 {[#]} (25. a4 $11) 25... Bf7 $1 $17 26. Qa3 (26. g4 $17 {war angesagt.} Qxd5 27. gxf5 Qxd3 28. Bc2) 26... Qxd5 $19 ({Auf keinen Fall} 26... Bxd5 27. Nb4 $17) 27. Nb4 (27. Be2 $142) 27... Qxb5 28. Nc6 Rc8 29. Ba4 Qe2 {Weiss muss nun ...b5 beachten.} 30. Nxa7 Rxc1+ 31. Qxc1 Qxa2 32. Qd1 (32. Qc2 $142 Qa1+ 33. Qd1 Qxd1+ 34. Bxd1) 32... Nd4 33. Nb5 Bb3 34. Bxb3+ Qxb3 ({Schlechter ist} 34... Nxb3 35. Qd8+ Kg7 36. Qd7+ Kh8 37. Qe8+ Kg7 38. Qd7+ Kh8 39. Qe8+ Kg7 40. Qd7+ $11) 35. Qxb3+ Nxb3 36. f3 Nd4 {Precision: Weiß = 31%, Schwarz = 79%.} 0-1

[Event "6th Altibox Norway Chess 2018 Blitz"]
[Site "Stavanger"]
[Date "2018.05.27"]
[Round "1.3"]
[White "Anand, Viswanathan"]
[Black "Mamedyarov, Shakhriyar"]
[Result "1/2-1/2"]
[WhiteElo "2784"]
[BlackElo "2730"]
[Annotator "TA"]
[PlyCount "63"]
[EventDate "2018.05.26"]
[EventType "tourn"]
[EventCountry "NOR"]

{[%evp 18,63,34,0,0,0,0,0,0,-10,-15,-4,-10,-13,0,0,0,0,0,0,0,0,0,0,0,0,0,0,0,0,0,0,0,-16,-15,-15,-17,-83,-20,-88,0,0,0,0,0,0,0,0]} 1. e4 e5 2. Nf3 Nc6 3. Bb5 a6 4. Ba4 Nf6 5. d3 b5 6. Bb3 Bc5 7. Nc3 d6 {C77: Ruy Lopez: 3...a6 4 Ba4 Nf6, unusual lines} 8. Nd5 h6 9. O-O O-O 10. Be3 {LiveBook: 4 Games} Bxe3 11. fxe3 {[#] Strongly threatening Nxf6+.} Na5 12. Nxf6+ Qxf6 13. Bd5 c6 14. Nd4 Qg5 15. Nxc6 Nxc6 $146 ({Predecessor:} 15... Qxe3+) 16. Bxc6 Qxe3+ 17. Kh1 Rb8 18. Bd5 Be6 19. Bxe6 fxe6 20. Qg4 Rxf1+ 21. Rxf1 $11 {[%mdl 4096] Endgame KQR-KQR} Rf8 {[%cal Rf8f1] [#]} 22. Qxe6+ Kh7 {[%cal Rf8f1]} 23. Rg1 Qc5 24. c3 Rf2 25. b4 Qxc3 26. Qxd6 Rxa2 27. h3 (27. Qf8 $1 $11) 27... Rd2 (27... Rf2 $17) 28. Qxa6 (28. Qf8 $11 {keeps the balance.}) 28... Rxd3 (28... Qxd3 $17 29. Re1 Qc4) 29. Qe6 {The position is equal.} Qxb4 30. Qf5+ Kh8 31. Qc8+ Kh7 32. Qf5+ {Precision: White = 57%, Black = 71%.} 1/2-1/2

[Event "6th Altibox Norway Chess 2018 Blitz"]
[Site "Stavanger"]
[Date "2018.05.27"]
[Round "1.4"]
[White "Vachier-Lagrave, Maxime"]
[Black "Caruana, Fabiano"]
[Result "1-0"]
[WhiteElo "2839"]
[BlackElo "2814"]
[Annotator "TA"]
[PlyCount "71"]
[EventDate "2018.05.26"]
[EventType "tourn"]
[EventCountry "NOR"]

{[%evp 9,71,0,0,-12,3,-17,-17,-18,-20,-14,-20,-23,-18,-13,-13,-13,-13,-16,-10,-12,-13,-8,-12,-17,-10,-10,0,0,0,0,0,0,0,0,0,0,0,0,5,0,61,67,65,67,108,97,97,102,208,230,224,223,831,796,915,915,894,889,849,839,783,737,962,958]} 1. b3 e5 2. Bb2 Nc6 3. e3 g6 4. c4 (4. d4 exd4 5. Nf3 Bg7 6. Nxd4 Nf6 7. Be2 O-O 8. O-O Nxd4 9. Bxd4 d5 10. c4 dxc4 11. Bxc4 Qd6 12. Bb2 {1-0 (45) Nakamura,H (2787)-Andreikin,D (2712) Moscow 2018}) 4... Bg7 5. Nc3 Nge7 {LiveBook: 7 Partien} 6. Nf3 {A01: Larsen-Eröffnung} O-O 7. Be2 d5 8. cxd5 {Die Stellung ist ausgeglichen.} Nxd5 9. Nxd5 $146 ({Vorgänger:} 9. Qb1 Re8 10. Nxd5 Qxd5 11. O-O Bf5 {½-½ (35) Terentiev,V (2340)-Khmelnitski,A (2486) St Petersburg 2005}) 9... Qxd5 10. O-O e4 11. Bxg7 Kxg7 12. Ne1 {[%cal Bf3e1,Be1d3,Bd3f4][%mdl 32]} Bf5 13. d3 exd3 {...Se5 ist eine echte Drohung.} 14. Nxd3 Rfd8 {[%cal Rf5d3]} 15. Nf4 Qe5 16. Qc1 Nb4 17. a3 Nd5 {[#] Droht ...Sxf4 und aus.} 18. Bf3 c6 19. Qc5 Qc3 20. Qxc3+ Nxc3 21. Rfc1 Ne4 22. Bxe4 Bxe4 23. f3 $36 {[%mdl 2048] Weiss hat gut koordiniertes Spiel.} Bd5 24. e4 Bxb3 (24... Be6 $1 $11) 25. Rab1 $14 Ba4 26. Rxb7 {zielt auf Se6+ ab.} Rd2 27. Ne6+ Kg8 28. Nc5 Bd1 (28... Bb5 $16) 29. e5 $18 Rad8 {[#]} 30. Ne4 $1 {[%cal Re4d2]} ({Jedoch nicht} 30. Rxa7 $6 Re2 $16) 30... Re2 $2 (30... Rc2 31. Ra1 Be2) 31. e6 {Weiß steht klar auf Gewinn.} fxe6 32. Nf6+ Kf8 33. Nxh7+ Kg8 34. Nf6+ Kf8 35. Nd7+ Kg8 36. Rxd1 {Precision: Weiß = 86%, Schwarz = 59%.} 1-0

[Event "6th Altibox Norway Chess 2018 Blitz"]
[Site "Stavanger"]
[Date "2018.05.27"]
[Round "1.5"]
[White "Aronian, Levon"]
[Black "Nakamura, Hikaru"]
[Result "0-1"]
[WhiteElo "2843"]
[BlackElo "2869"]
[Annotator "TA"]
[PlyCount "82"]
[EventDate "2018.05.26"]
[EventType "tourn"]
[EventCountry "NOR"]

{[%evp 17,82,0,2,12,14,9,10,-1,0,12,26,17,14,22,4,-28,0,0,0,-1,0,-14,33,33,127,148,112,79,94,75,61,45,75,42,24,47,62,61,61,83,64,45,150,148,304,285,283,286,286,294,267,226,239,215,234,0,0,-849,0,0,0,0,0,0,0,-29995,-29996]} 1. c4 Nf6 2. Nc3 e6 3. e4 d5 4. cxd5 exd5 5. e5 Ne4 6. Nf3 Bf5 {A18: English Opening: Flohr-Mikenas System (1 c4 Nf6 2 Nc3 e6 3 e4)} 7. d3 Nxc3 8. bxc3 c5 9. d4 c4 {LiveBook: 3 Games} 10. a4 Nc6 {[%cal Bb8c6,Bc6a5,Ba5b3][%mdl 32]} 11. Be2 Be7 12. O-O O-O 13. Ne1 {[%cal Bf3e1,Be1c2,Bc2e3][%mdl 32] [#]} Na5 $146 ({Predecessor:} 13... f6 14. exf6 Rxf6 {½-½ (31) Tomashevsky,E (2702)-Aronian,L (2801) Germany 2018}) 14. Nc2 Nb3 15. Ra2 Qa5 16. Bb2 {[%cal Bc1b2,Bb2a3,Ba3b4][%mdl 32]} f6 (16... Bxc2 $5 17. Qxc2 b5 $15) 17. Ne3 Be6 $1 18. exf6 Bxf6 19. Qc2 Bg5 20. Ba3 Rfe8 (20... Rf6 $14) 21. Bh5 $1 $36 {[%mdl 2048] White has strong initiative.} Red8 22. Bb4 Qc7 23. Re1 Bf7 24. Bf3 Re8 25. a5 (25. Qf5 {seems wilder.} Bxe3 26. fxe3 Rad8 27. a5 Qc6 28. Qf4) 25... Qd7 26. Qd1 Bxe3 27. fxe3 {[%cal Bf2e3,Be3e4,Be4d5][%mdl 32]} Bg6 28. Rf2 h6 29. Bh5 Qe6 {[#]} (29... Bxh5 $14 30. Qxh5 Rad8) 30. e4 $1 {[%mdl 512]} Kh7 $2 (30... Bxh5 $16 31. Qxh5 Kh8) (30... dxe4 31. d5) 31. Bxg6+ $18 Qxg6 32. exd5 Rxe1+ 33. Qxe1 Re8 34. Re2 Rxe2 35. Qxe2 Qb1+ 36. Kf2 $2 ({White has to play} 36. Qf1 $18 Qxf1+ 37. Kxf1 Nd2+ 38. Ke2) 36... Nc1 $11 37. Qxc4 $2 {[%mdl 8192] [#]} (37. Qf1 $11 Nd3+ 38. Kg1) 37... Qe4 $2 ({Better is} 37... Nd3+ $1 $19 38. Ke3 Qe1+ 39. Kxd3 Qf1+ 40. Ke4 Qxc4) 38. h3 Nd3+ 39. Kg1 Qe3+ 40. Kh2 {Threatens to win with Bd6.} Qf4+ 41. Kg1 $2 {[%mdl 8192]} (41. Kh1 $11 Qf1+ 42. Kh2 Qf4+ 43. Kh1 Qf1+ 44. Kh2 Qf4+) 41... Qf2+ {Precision: White = 65%, Black = 41%.} 0-1

[Event "6th Altibox Norway Chess 2018 Blitz"]
[Site "Stavanger"]
[Date "2018.05.27"]
[Round "2.2"]
[White "Karjakin, Sergey"]
[Black "Aronian, Levon"]
[Result "1-0"]
[WhiteElo "2838"]
[BlackElo "2843"]
[Annotator "TA"]
[PlyCount "78"]
[EventDate "2018.05.26"]
[EventType "tourn"]
[EventCountry "NOR"]

{[%evp 19,78,0,44,-20,-18,-18,-19,-19,0,0,10,0,0,0,0,0,40,51,43,33,30,32,51,69,83,66,83,58,125,127,133,103,92,55,55,57,55,54,65,37,85,79,79,57,352,360,697,691,693,675,650,87,104,56,65,54,112,40,108,35,82]} 1. b3 d5 2. Bb2 c6 3. g3 Bf5 4. Bg2 e6 5. Nf3 h6 6. O-O Nf6 7. c4 Nbd7 8. d3 Bh7 9. Nbd2 Bd6 10. a3 {A12: Reti-Eröffnung (New-Yorker-System)} a5 {LiveBook: 3 Partien} 11. Bc3 (11. cxd5 $14 cxd5 12. e4) (11. e4 dxe4 12. Nxe4 Be7 13. Nxf6+ Bxf6 14. d4 O-O 15. Re1 Nc5 16. Re3 a4 17. b4 Nb3 {0-1 (32) Andreikin,D (2706)-Matlakov,M (2728) Tbilisi 2017}) 11... O-O 12. b4 {Die Stellung ist ausgeglichen.} e5 13. cxd5 $146 ({Vorgänger:} 13. Qb3 d4 14. Bb2 c5 15. bxa5 {1-0 (50) Kuhn,J (2059)-Helbig,M (2346) Solingen 2011}) 13... axb4 14. Bxb4 Bxb4 15. axb4 cxd5 16. Rxa8 Qxa8 17. Qb3 Rc8 18. Bh3 b6 19. Qb2 Re8 20. Nh4 {[%cal Bf3h4,Bh4g2,Bg2e3][%mdl 32]} e4 21. dxe4 dxe4 22. Nc4 Qb8 23. Rd1 Qc7 (23... Ne5 $14 24. Ne3 b5) 24. Nd6 Ra8 25. Ng2 Nf8 {Weiss muss nun ...Td8 beachten.} 26. Ne3 (26. Nb5 {keeps more tension.} Qc6 27. Nd4 Qc7 28. Ne3 Bg6 29. Kg2) 26... Rd8 27. Nb5 $36 {[%mdl 2048] Weiss steht aktiver.} Rxd1+ 28. Nxd1 Qd8 29. Nd4 Ng6 30. Ne3 Ne7 31. b5 Nfd5 $2 {[%mdl 8192]} (31... Qd6 $14) 32. Nc6 $18 Qc7 $2 (32... Nxc6 33. bxc6 Ne7) 33. Nxd5 Nxd5 34. Qa2 $1 {[%cal Ra2a8] Weiss droht Da8+ und Matt.} Qd6 {[#]} 35. Qa8+ $2 (35. Qxd5 $1 $18 {[%mdl 512]} Qxd5 36. Ne7+ Kf8 37. Nxd5) 35... Qf8 $16 36. Qb7 {Droht Se5 und aus.} e3 37. f3 {zielt auf Se5 ab.} Bb1 {[#]} (37... Bg6 $14) 38. Qd7 (38. Ne5 $1 $16 Nc3 39. Kf1 (39. Qxb6 Nxe2+ 40. Kf1 Qb4 $11)) 38... Nc3 (38... Ba2 $14) 39. Bf1 ({Günstiger ist} 39. Kf1 $16) 39... Ba2 {Precision: Weiß = 41%, Schwarz = 21%.} 1-0

[Event "6th Altibox Norway Chess 2018 Blitz"]
[Site "Stavanger"]
[Date "2018.05.27"]
[Round "2.3"]
[White "So, Wesley"]
[Black "Anand, Viswanathan"]
[Result "1/2-1/2"]
[WhiteElo "2824"]
[BlackElo "2784"]
[Annotator "TA"]
[PlyCount "80"]
[EventDate "2018.05.26"]
[EventType "tourn"]
[EventCountry "NOR"]

{[%evp 15,80,13,10,0,16,-2,32,2,0,-15,9,-16,-29,-20,68,0,0,0,10,-14,-19,-36,-62,-56,-21,-18,-14,-15,0,0,0,-16,-15,-14,0,-4,0,0,0,-19,0,0,60,26,29,24,51,59,70,24,127,127,129,71,70,73,72,70,71,37,44,7,3,0,0,0,0]} 1. Nf3 d5 2. g3 c6 3. Bg2 Bg4 4. h3 Bh5 5. O-O Nd7 6. d3 e6 {A07: Réti Opening: New York and Capablanca Systems} (6... Ngf6 7. Qe1 e5 8. e4 Bd6 9. exd5 Bxf3 10. Bxf3 Nxd5 11. Nc3 Nxc3 12. bxc3 O-O 13. a4 a5 14. Bg2 Qc7 {½-½ (75) Howell,D (2682)-Vitiugov,N (2732) Caleta 2018}) 7. c4 Bd6 8. Nc3 Ne7 {LiveBook: 4 Games} 9. b3 O-O 10. Bb2 f6 11. cxd5 $146 ({Predecessor:} 11. g4 Bf7 12. e4 Ng6 13. Ne2 Nf4 14. Nxf4 Bxf4 {0-1 (53) Jukic,Z (2210)-Glavas,D Medulin 1997}) 11... cxd5 12. e4 dxe4 13. dxe4 Ne5 14. Nb5 Bxf3 (14... Bc5 $11 15. g4 Be8 16. Qxd8 Rxd8) 15. Bxf3 (15. Qxd6 $14 Qxd6 16. Nxd6) 15... Bc5 $11 16. Be2 Qb6 17. Nc3 (17. b4 $5 Bxb4 18. Bd4 $11) 17... Rfd8 18. Qc2 {[#] Black must now prevent Na4.} Rac8 19. Rac1 Bd4 (19... Be3 $5 {[%cal Rd8d2]} 20. Rcd1 Bd4 $11) 20. Qb1 N7c6 {[%cal Be7c6,Bc6d4,Bd4e2][%mdl 32]} 21. Kg2 Bxc3 22. Bxc3 Nd4 23. Qb2 {[#] Bxd4 is the strong threat.} Nxe2 24. Qxe2 Nd3 {aiming for ...Rc5.} 25. Rc2 Nb4 26. Rcc1 Nd3 27. Rc2 Nb4 (27... Qb5 {with more complications.} 28. Rd1 Rd6 29. Kh2 Qd7 30. Ba5 Rxc2 31. Qxc2 h5) 28. Bxb4 {Strongly threatening Rxc8.} Qxb4 (28... Rxc2 $11 29. Qxc2 Qxb4) 29. Rxc8 Rxc8 {[%mdl 4096] Endgame KQR-KQR} 30. Rd1 Qe7 31. e5 b6 32. h4 h6 (32... f5 $11) 33. exf6 $16 Qxf6 34. Rd6 (34. Rd7 $142) 34... Re8 35. Rd7 Re7 36. Rd8+ Kh7 $1 37. Qe4+ Qf5 38. Qxf5+ exf5 {The position is equal.} 39. Rf8 Re2 40. Rxf5 Rxa2 {Precision: White = 44%, Black = 43%.} 1/2-1/2

[Event "6th Altibox Norway Chess 2018 Blitz"]
[Site "Stavanger"]
[Date "2018.05.27"]
[Round "2.4"]
[White "Caruana, Fabiano"]
[Black "Nakamura, Hikaru"]
[Result "1/2-1/2"]
[WhiteElo "2814"]
[BlackElo "2869"]
[Annotator "TA"]
[PlyCount "114"]
[EventDate "2018.05.26"]
[EventType "tourn"]
[EventCountry "NOR"]

{[%evp 20,114,23,9,25,24,20,31,28,31,29,31,39,19,43,20,44,29,3,3,34,25,78,47,52,32,43,41,43,18,26,33,37,32,46,22,97,-251,107,0,-7,0,0,-36,22,22,46,45,41,39,45,15,41,30,21,0,0,-20,-17,-58,8,-16,-19,-22,-27,-119,-100,-85,-95,-132,0,0,26,20,12,0,0,0,0,0,167,0,191,188,186,168,157,0,0,0,0,0,0,0,0,0,0]} 1. e4 e5 2. Bc4 Nc6 3. d3 Nf6 4. Nf3 Bc5 5. O-O d6 6. c3 O-O 7. a4 a6 8. Re1 Ba7 9. h3 Ne7 10. Nbd2 Ng6 {C54: Italienische Partie (Hauptvariante)} (10... c6 11. Bb3 Ng6 12. Bc2 Re8 13. d4 Nh5 14. Nf1 Nhf4 15. Ng3 exd4 16. cxd4 d5 17. e5 c5 18. Bxg6 Nxg6 {1-0 (51) Anand,V (2782)-Leko,P (2691) Riadh 2017}) 11. Nf1 {LiveBook: 27 Partien} Be6 (11... c6 {keeps more tension.} 12. Bb3 d5 13. exd5 Nxd5 14. Ng3 Be6) 12. Bxe6 fxe6 {Weiß hat minimalen Vorteil.} 13. Ng3 h6 14. d4 Nd7 15. Be3 $146 Qe7 16. a5 Kh7 17. Nd2 Rf7 18. Nc4 Raf8 19. Qb3 Rb8 20. Rad1 Qh4 (20... b5 $11) 21. Nd2 Qe7 22. Qc4 Rc8 23. Ndf1 Nf4 24. Qb3 b5 25. axb6 Bxb6 26. Nd2 Rcf8 27. Nc4 h5 (27... Qh4 $11) 28. Ne2 $2 {[%mdl 8192] [#]} (28. Nxb6 $16 {und es läuft.} cxb6 29. d5) 28... Qf6 $2 (28... Nxh3+ $1 $19 29. gxh3 Qh4 30. Nxb6 Nxb6) 29. Nxf4 (29. Nxb6 $16 cxb6 30. Bxf4 exf4 31. f3) 29... exf4 $11 30. Bc1 {Droht e5 und aus.} e5 $1 31. Qc2 f3 (31... g5 $15) 32. Nxb6 cxb6 33. g3 Qe6 34. Kh2 b5 35. Bg5 Rc8 36. Qd3 Nb6 37. Ra1 Na4 $1 38. Qd2 exd4 39. cxd4 Rfc7 (39... Qb3 $1 $15 40. Ra3 Qxb2 41. Qxb2 Nxb2) 40. e5 {exd6 ist eine echte Drohung.} Rc2 $1 {[%cal Rc2d2]} 41. Qe3 dxe5 $1 {Und ...Df5 würde nun gewinnen.} 42. dxe5 (42. Qxf3 $11 {bleibt in der Remisbreite.} e4 43. Qxh5+ Kg8 44. Re2) 42... Nxb2 {Und weiter mit ...Dg6 wäre nett.} 43. Qxf3 Qg6 44. Be3 Nc4 ({Lieber} 44... Nd3 $17 45. Red1 Nxe5) 45. Bf4 Nd2 46. Bxd2 Rxd2 47. e6 Rcc2 48. Kg2 h4 49. g4 Rd3 $2 (49... Rxf2+ $11 {und Schwarz muss sich keine Sorgen machen.} 50. Qxf2 Rxf2+ 51. Kxf2 Qf6+ 52. Kg2 Qb2+ 53. Kg1 Qc3) 50. Qe4 $2 ({Weiss braucht} 50. Re3 $18 Rdd2 51. Rf1 (51. Rxa6 Rxf2+ 52. Qxf2 Rxf2+ 53. Kxf2 Qc2+ 54. Re2 Qc3 $11)) 50... Rg3+ $2 (50... Rdd2 $11 {und Schwarz steht sicher.}) 51. Kf1 $18 Qxe4 52. Rxe4 {[%mdl 4096] Endspiel KTT-KTT} Rf3 {[#]} 53. e7 $2 ({Und nicht} 53. Rxa6 Rfxf2+ 54. Kg1 (54. Ke1 Rb2 $15) 54... Rg2+ 55. Kh1 (55. Kf1 Rcf2+ 56. Ke1 Rh2 $17) 55... Rge2 $11) (53. Re2 $1 $16 {[%cal Re2c2]} Rxe2 54. Kxe2) 53... Rfxf2+ $11 {Die Stellung ist ausgeglichen.} 54. Ke1 Rh2 {[%cal Rh2h1]} 55. Kd1 Rhd2+ 56. Ke1 Rh2 {[%cal Rh2h1]} 57. Kd1 Rhd2+ {Precision: Weiß = 36%, Schwarz = 33%.} 1/2-1/2

[Event "6th Altibox Norway Chess 2018 Blitz"]
[Site "Stavanger"]
[Date "2018.05.27"]
[Round "2.5"]
[White "Vachier-Lagrave, Maxime"]
[Black "Ding, Liren"]
[Result "1/2-1/2"]
[WhiteElo "2839"]
[BlackElo "2793"]
[Annotator "TA"]
[PlyCount "123"]
[EventDate "2018.05.26"]
[EventType "tourn"]
[EventCountry "NOR"]

{[%evp 22,123,-1,0,26,24,21,25,22,11,23,18,26,21,34,19,52,62,263,260,253,111,117,113,114,105,114,100,101,98,92,106,103,94,102,76,82,62,64,60,66,68,75,74,73,65,87,84,76,68,75,32,35,28,70,67,122,109,116,119,126,63,72,63,191,167,181,156,267,239,625,582,1967,1878,1734,1602,5405,2451,1854,0,0,0,0,0,0,0,0,0,0,-29943,-8,-8,-8,-8,-8,-8,-8,-8,-8,-8,-8,-8,-8,-8]} 1. d4 Nf6 2. c4 e6 3. Nc3 Bb4 4. e3 O-O 5. Bd3 d5 6. Nge2 dxc4 7. Bxc4 c5 8. O-O cxd4 9. exd4 Nc6 10. a3 Bd6 11. h3 b6 {E48: Nimzo-Indian: Rubinstein: 5 Bd3 d5 including 6 Ne2, but excluding 6 a3} (11... h6 12. Be3 Ne7 13. Qd2 Bd7 14. Rad1 Rc8 15. Ba2 Bc6 16. Nf4 Bb8 17. d5 Nexd5 18. Nfxd5 exd5 19. Bf4 {½-½ (60) Stocek,J (2549)-Zvjaginsev,V (2655) Legnica 2013}) 12. Bg5 {LiveBook: 5 Games} Bb7 13. d5 $146 ({Predecessor:} 13. Qd3 Re8 14. Rad1 h6 15. Bh4 Be7 16. Bg3 Bd6 17. Bh4 Be7 18. Bg3 Bd6 19. Nf4 e5 20. Bxf7+ Kxf7 21. Qc4+ Nd5 22. Qxd5+ Kf6 23. Ne4+ {1-0 (23) Bhat,V (2450)-Ramon Perez,J (2329) Balaguer 2007}) 13... exd5 {White has an edge.} 14. Bxd5 Be7 15. Bf3 h6 16. Bf4 Na5 17. Bxb7 Nxb7 18. Rc1 Nc5 19. Nd4 Rc8 $2 (19... Qd7 $14) 20. Nf5 $1 $18 Re8 21. Qf3 (21. Nb5 $1 $18 {and the rest is easy.}) 21... Qd7 $16 {[#]} 22. Bxh6 $1 {[%mdl 512]} Bf8 (22... gxh6 23. Qg3+) 23. Rfd1 Qc6 {And now ...Qxf3 would win.} 24. Qxc6 Rxc6 25. Be3 Nb3 26. Nd4 Nxd4 27. Bxd4 Rec8 28. Bxf6 Rxf6 29. Ne4 Rfc6 30. Rxc6 Rxc6 $14 {[%mdl 4096] Endgame KRB-KRN} 31. g4 Rc2 32. Rd2 Rc4 33. Re2 Be7 34. Kg2 g6 35. Kf3 Kg7 36. Ke3 f5 37. Nd2 Bc5+ 38. Kf3 Rc2 (38... Rd4 $14) 39. Nb3 $16 Rxe2 40. Kxe2 {KB-KN} Bd6 41. Nc1 (41. Ke3 $16) 41... Kf6 $14 42. Nd3 fxg4 ({Black should try} 42... Kg5 $1 $14) 43. hxg4 $18 Ke6 44. Ke3 Kd5 (44... g5 $16 45. Ke4 Bb8) 45. Nf4+ Kc4 $2 (45... Ke5 46. Nxg6+ Kf6) 46. Nxg6 Kb3 47. f4 Kxb2 48. f5 Kxa3 49. f6 (49. g5 $142 b5 50. f6) 49... b5 50. f7 $2 (50. g5 $18 b4 51. Nf4) 50... b4 $11 {...b3 is the strong threat.} 51. Ne5 {Nc4+ would kill now.} Ka2 52. Nc4 Bf8 53. g5 b3 54. g6 a5 55. Kd3 $2 {[%mdl 8192] [#]} (55. Kf4 $11) 55... b2 $2 (55... Bg7 $1 {mates} 56. Nd2 a4 57. Kc4 b2 58. Kc5 Bh6 59. Kd6 a3 60. Ke7 Bxd2 61. g7 b1=Q 62. f8=Q Bb4+ 63. Kd7 Qd3+ 64. Kc7 {[#]} Bxf8 $1 {[%mdl 512]} 65. gxf8=Q Kb2 66. Kb8 Qb3+ 67. Ka7 Qe3+ 68. Kb8 Qe5+ 69. Ka8 Qd5+ 70. Kb8 a2 71. Qg7+ Kb3 72. Qg3+ Ka4 73. Qf4+ Ka5 74. Qf6 Qd3 75. Kc7 Kb4 76. Kb7 Qb1 77. Kc6 Qc1+ 78. Kd7 Qd2+ 79. Ke8 Qe1+ 80. Kf7 a1=Q 81. Qd6+ Kc4 82. Qc6+ Kd3 83. Qb5+ Ke3 84. Qg5+ Kd4 85. Qg4+ Qe4 86. Qg7+ Qe5 87. Qg4+ Kd5 88. Qd7+ Qd6 89. Qf5+ Kc6 90. Qc2+ Kb6 91. Qf2+ Ka6 92. Qe2+ Ka5 93. Qe7 Qa2+ 94. Kf8 Qf4+ 95. Ke8 Qg8+ 96. Kd7 Qd5+ 97. Kc8 Qc6+ 98. Kd8 Qb8#) 56. Nd2 $1 $132 {[%mdl 2048] The position is equal. White is fighting back} b1=Q+ 57. Nxb1 Kxb1 58. Kc4 a4 59. g7 $1 {[%cal Rg7f8]} Bxg7 60. Kb4 Kb2 {( -> ...a3)} 61. f8=Q Bxf8+ 62. Kxa4 {Precision: White = 63%, Black = 42%.} 1/2-1/2

[Event "6th Altibox Norway Chess 2018 Blitz"]
[Site "Stavanger"]
[Date "2018.05.27"]
[Round "3.2"]
[White "Anand, Viswanathan"]
[Black "Vachier-Lagrave, Maxime"]
[Result "1-0"]
[WhiteElo "2784"]
[BlackElo "2839"]
[Annotator "TA"]
[PlyCount "79"]
[EventDate "2018.05.26"]
[EventType "tourn"]
[EventCountry "NOR"]

{[%evp 23,79,-25,0,-50,0,0,0,-9,-20,-47,28,-23,-20,-27,-21,-23,-14,-16,-19,-37,17,25,12,10,8,8,22,0,0,0,0,0,0,-20,0,-21,0,-31,0,0,30,65,56,42,477,303,284,302,1743,1798,1368,1306,29990,29991,29994,29993,29993,29994]} 1. Nf3 d5 2. g3 g6 3. Bg2 Bg7 4. c4 dxc4 5. Na3 Nc6 6. Nxc4 e5 7. O-O Nge7 8. d3 O-O {A20: English Opening: 1...e5} 9. Bd2 Be6 $146 (9... Nd5 10. Rc1 h6 11. a3 Be6 12. b4 a6 13. e4 Nb6 14. Na5 Qxd3 15. Nxb7 Bc4 16. Re1 Qxa3 {1-0 (61) Carlsen,M (2853)-Nakamura,H (2787) chess.com INT 2016}) ({Predecessor:} 9... a5 10. b3 Be6 11. Rc1 f6 {1-0 (37) Pantsulaia,L (2605)-Grigoriants,S (2568) chess.com INT 2018}) 10. Rc1 a5 11. Bc3 f6 12. b3 Qd7 {LiveBook: 3 Games} 13. Nfd2 Rfd8 14. Ne4 b6 15. Bb2 Nd5 16. Nc3 Nce7 ({Black should try} 16... Bh6 $15 17. e3 Ndb4) 17. Nxd5 ({White should play} 17. d4) 17... Bxd5 $11 18. Bxd5+ Nxd5 19. Qc2 Bh6 20. Rcd1 Qe6 21. a3 c5 (21... b5 $15 22. Nd2 Ra6) 22. e4 Ne7 23. f4 exf4 24. gxf4 Bg7 25. Kh1 f5 26. Bxg7 Kxg7 27. Qc3+ Rd4 28. Rde1 Rad8 29. Ne5 Kg8 30. Qc2 fxe4 31. dxe4 {[%cal Bd3e4,Be4f5,Bf5f6,Bf6f7][%mdl 32]} Nc6 (31... Rd2 $5 {[%cal Rd2c2]} 32. Qc3 Nc6 33. Nxc6 Qxc6 $11) 32. Nf3 $1 {f5 is the strong threat.} Rd3 {[#]} 33. f5 $1 {[%mdl 512]} gxf5 $2 {[%mdl 8192]} (33... Qxb3 $14 34. Qg2 R3d6) 34. exf5 Qd5 {next ...Kh8 is good for Black.} 35. Qg2+ Kh8 $2 (35... Kf8 36. Qh3 Rxf3 37. Rxf3 h5) 36. f6 $18 {[%csl Gf6][%cal Rg2g7]} Qg8 37. Ng5 {[#] Intending f7 and mate.} h6 38. f7 {White mates.} Qxg5 39. Qxg5 hxg5 40. Re8+ {Precision: White = 62%, Black = 38%.} 1-0

[Event "6th Altibox Norway Chess 2018 Blitz"]
[Site "Stavanger"]
[Date "2018.05.27"]
[Round "3.3"]
[White "Aronian, Levon"]
[Black "Mamedyarov, Shakhriyar"]
[Result "1-0"]
[WhiteElo "2843"]
[BlackElo "2730"]
[Annotator "TA"]
[PlyCount "51"]
[EventDate "2018.05.26"]
[EventType "tourn"]
[EventCountry "NOR"]

{[%evp 22,51,13,16,20,28,18,3,13,6,35,22,33,24,86,59,73,53,102,116,139,105,120,104,135,122,155,155,210,236,386,374]} 1. e4 e5 2. Nf3 Nc6 3. Bc4 Bc5 4. O-O Nf6 5. d3 d6 6. c3 a6 7. a4 h6 8. Nbd2 {C54: Italienische Partie (Hauptvariante)} O-O 9. Re1 Re8 10. h3 Be6 11. Bxe6 Rxe6 12. b4 {LiveBook: 19 Partien} Ba7 13. Qc2 Qd7 14. Nf1 {[%cal Bd2f1,Bf1g3,Bg3f5][%mdl 32]} d5 {[#]} 15. Bd2 $146 ({Vorgänger:} 15. Ng3 Rd8 16. exd5 Qxd5 {½-½ (63) Carlsen,M (2834)-Kramnik,V (2787) Wijk aan Zee 2018}) 15... Rae8 16. Ng3 dxe4 17. dxe4 Ne7 (17... Rd8 $11 {hält das Gleichgewicht.}) 18. Red1 Qc8 19. c4 {[%cal Bc3c4,Bc4c5][%mdl 32]} Ng6 20. c5 c6 21. Nf5 Bb8 22. Be3 Ne7 {...Sxf5 wäre jetzt gut für Schwarz.} 23. Ng3 Nd7 24. Nd2 {[%cal Bf3d2,Bd2c4,Bc4d6][%mdl 32]} Nf8 (24... Rd8 $16 25. Nc4 Bc7) 25. Nc4 $18 Rg6 (25... Rd8 {kämpft weiter.} 26. Rxd8 Qxd8) 26. Nd6 {Precision: Weiß = 78%, Schwarz = 19%.} 1-0